000 00671cam a22001691 4500
082 _a355.009241
_bFUL
100 1 _aFuller, J. F. C.
_937121
245 1 0 _aMemoirs of an unconventional soldier,
_cby Major-General J.F.C. Fuller.
260 _aLondon,
_bI. Nicholson and Watson,
_c1936.
300 _axii, 494p.
_bfront., plates, ports., maps (part fold.) diagrs.
_c23cm.
500 _a"I have dealt mainly with my work as chief of the General staff of the Tank corps."--Pref.
526 _a0
_b0
_c0
_d355_009241000000000_FUL
650 0 _aMCE
_9379
650 0 _aTank warfare.
_949525
650 0 _aWorld War, 1914-1918
_xCampaigns
_zWestern Front.
_949302
942 _2ddc
_cBK
999 _c552305
_d552305